Normal view
MARC view
- Maleeha Iesar
Entry Personal Name
001 - CONTROL NUMBER
- control field: 92481
003 - CONTROL NUMBER IDENTIFIER
- control field: NUST
005 - DATE AND TIME OF LATEST TRANSACTION
- control field: 20220703161249.0
008 - FIXED-LENGTH DATA ELEMENTS
- fixed length control field: 220703|| aca||aabn | a|a d
040 ## - CATALOGING SOURCE
- Original cataloging agency: NUST
- Transcribing agency: NUST
100 ## - HEADING--PERSONAL NAME
- Personal name: Maleeha Iesar
670 ## - SOURCE DATA FOUND
- Source citation: Work cat.: (NUST)13248: Maleeha Iesar, Intelligent sign language recognition system, 2015
